| 000 | 00360 a2200109 4500 | ||
|---|---|---|---|
| 001 | ART_11425 | ||
| 005 | 20260410161857.0 | ||
| 008 | 260409a | ||
| 245 | 1 | 0 | _aSeñoreaje, impuesto inflación, convertibilidad y dolarización de derecho |
| 100 | 1 | _aGastaldi, Santiago | |
| 773 | 0 |
_tRevista de Economía _g- Nº 64 (jul./sep. 1991) _wREV11077 |
|
| 999 |
_c25562 _d25562 |
||